[Event "Bucharest Cup IM"]
[Site "Bucharest"]
[Date "1998.??.??"]
[Round "?"]
[White "Dinu, George Daniel"]
[Black "Ionescu, Doru Alexandru"]
[Result "1-0"]
[WhiteElo "2225"]
[BlackElo "2250"]
[PlyCount "73"]
[EventDate "1998.12.??"]
[EventType "tourn"]
[EventRounds "14"]
[EventCountry "ROU"]
[EventCategory "3"]
[SourceTitle "EXT 2000"]
[Source "ChessBase"]
[SourceDate "1999.11.16"]
[SourceVersion "1"]
[SourceVersionDate "1999.11.16"]
[SourceQuality "1"]

1. Nf3 g6 2. g3 Bg7 3. Bg2 Nf6 4. c4 0-0 5. 0-0 d6 6. d3 e5 7. Nc3 Nc6 8. Rb1 a5 9. Bd2 h6 10. a3 Be6 11. e4 Qd7 12. Ne1 Nd4 13. b4 axb4 14. axb4 Nh5 15. Nc2 c6 16. Nxd4 exd4 17. Na4 Qe7 18. c5 f5 19. cxd6 Qxd6 20. Nc5 f4 21. Nxb7 Qe5 22. Na5 Qf6 23. Nxc6 f3 24. Bh1 Bh3 25. b5 Ra2 26. e5 Qf7 27. Re1 Kh7 28. b6 Qd7 29. b7 Qxc6 30. b8Q Rxb8 31. Rxb8 Qc7 32. Qb3 Qxb8 33. Qxb8 Rxd2 34. Bxf3 Rxd3 35. Bxh5 gxh5 36. e6 Bf6 37. e7 1-0

[Event "Bucharest Cup IM"]
[Site "Bucharest"]
[Date "1998.??.??"]
[Round "?"]
[White "Dinu, George Daniel"]
[Black "Jevtic, Miodrag"]
[Result "0-1"]
[WhiteElo "2225"]
[BlackElo "2350"]
[PlyCount "64"]
[EventDate "1998.12.??"]
[EventType "tourn"]
[EventRounds "14"]
[EventCountry "ROU"]
[EventCategory "3"]
[SourceTitle "EXT 2000"]
[Source "ChessBase"]
[SourceDate "1999.11.16"]
[SourceVersion "1"]
[SourceVersionDate "1999.11.16"]
[SourceQuality "1"]

1. d4 Nf6 2. c4 g6 3. Nc3 d5 4. Nf3 Bg7 5. Qb3 dxc4 6. Qxc4 0-0 7. e4 Na6 8. Be2 c5 9. d5 e6 10. 0-0 exd5 11. exd5 Re8 12. Bg5 h6 13. Bxf6 Qxf6 14. Rad1 Bd7 15. Rd2 h5 16. Bd1 Bh6 17. Re2 Rxe2 18. Bxe2 Re8 19. Re1 Qb6 20. Bf1 Rxe1 21. Nxe1 Qxb2 22. Nd3 Qc2 23. Ne5 Bf5 24. d6 Be6 25. Nd5 Qd1 26. Ne7+ Kh7 27. Qb5 Qxd6 28. Qe8 Kg7 29. N5xg6 Kf6 30. Qh8+ Bg7 31. Qxh5 fxg6 32. Qxg6+ Kxe7 0-1

[Event "Bucharest Cup IM"]
[Site "Bucharest"]
[Date "1998.??.??"]
[Round "?"]
[White "Glodeanu, Ion"]
[Black "Dinu, George Daniel"]
[Result "1-0"]
[WhiteElo "2355"]
[BlackElo "2225"]
[PlyCount "126"]
[EventDate "1998.12.??"]
[EventType "tourn"]
[EventRounds "14"]
[EventCountry "ROU"]
[EventCategory "3"]
[SourceTitle "EXT 2000"]
[Source "ChessBase"]
[SourceDate "1999.11.16"]
[SourceVersion "1"]
[SourceVersionDate "1999.11.16"]
[SourceQuality "1"]

1. e4 c5 2. Nf3 Nc6 3. Bb5 g6 4. 0-0 Bg7 5. Re1 e5 6. Bxc6 bxc6 7. c3 Ne7 8. d4 cxd4 9. cxd4 exd4 10. Nxd4 0-0 11. Nc3 Bb7 12. Bg5 h6 13. Be3 d5 14. Nb3 dxe4 15. Nc5 Bc8 16. N5xe4 Nd5 17. Bd4 Nxc3 18. Bxc3 Qxd1 19. Raxd1 Bxc3 20. Nxc3 Be6 21. Rd2 Rfd8 22. Red1 Rxd2 23. Rxd2 Kf8 24. f4 Ke7 25. Kf2 Rb8 26. Kf3 Rb4 27. a3 Rb3 28. Ke4 Rb8 29. Kd4 Rd8+ 30. Ke3 Rxd2 31. Kxd2 Kd6 32. b4 f5 33. Ke3 g5 34. g3 c5 35. h4 gxh4 36. gxh4 Bc4 37. Na4 cxb4 38. axb4 Bb3 39. Nc3 Bc4 40. Kd4 Bf1 41. Nd5 Ke6 42. Kc5 Bg2 43. Ne3 Be4 44. Nc4 a6 45. Ne5 Bg2 46. Nc6 Kf6 47. Kd6 Be4 48. Ne5 Bc2 49. Nd7+ Kg6 50. Nc5 Kh5 51. Nxa6 Kxh4 52. Nc5 Bd1 53. Ke5 h5 54. Kxf5 Bc2+ 55. Ke5 Kg4 56. b5 Bf5 57. b6 Bc8 58. f5 h4 59. f6 h3 60. f7 h2 61. f8Q h1Q 62. Qxc8+ Kg3 63. Ne4+ Kf3 1-0

[Event "Bucharest Cup IM"]
[Site "Bucharest"]
[Date "1998.??.??"]
[Round "?"]
[White "Grigore, Nicolae Petre"]
[Black "Dinu, George Daniel"]
[Result "1/2-1/2"]
[WhiteElo "2265"]
[BlackElo "2225"]
[PlyCount "119"]
[EventDate "1998.12.??"]
[EventType "tourn"]
[EventRounds "14"]
[EventCountry "ROU"]
[EventCategory "3"]
[SourceTitle "EXT 2000"]
[Source "ChessBase"]
[SourceDate "1999.11.16"]
[SourceVersion "1"]
[SourceVersionDate "1999.11.16"]
[SourceQuality "1"]

1. e4 c5 2. Nf3 Nc6 3. Nc3 e5 4. Bc4 Be7 5. d3 d6 6. Nd2 Nf6 7. Nf1 0-0 8. Ne3 Be6 9. 0-0 Qd7 10. a3 Kh8 11. Rb1 Ng8 12. Ncd5 Bg5 13. b4 cxb4 14. axb4 Nce7 15. f4 exf4 16. Nxf4 Bxf4 17. Rxf4 Ng6 18. Rf2 N8e7 19. Bb2 b5 20. Bxe6 fxe6 21. Rxf8+ Rxf8 22. Qg4 Rf4 23. Qh3 Rh4 24. Qg3 e5 25. Bc1 Rf4 26. Bd2 Qc7 27. h3 Rf6 28. Qe1 Nf4 29. Ng4 Rf8 30. Bxf4 exf4 31. Qf2 Ng6 32. Ra1 Qc3 33. Rxa7 Qxb4 34. Rc7 Qa5 35. Rb7 Qa1+ 36. Qf1 Qd4+ 37. Qf2 Qa1+ 38. Qf1 Qc3 39. Rxb5 Qxc2 40. Qb1 Qc3 41. Rb8 h6 42. Rxf8+ Nxf8 43. Nh2 Qc5+ 44. Kh1 d5 45. Nf3 dxe4 46. dxe4 Ne6 47. Qb3 Qc6 48. e5 Qd7 49. Kh2 g5 50. Qb1 Kg7 51. Qe4 Qe7 52. Qd5 Qf7 53. Nd2 Nf8 54. Qd4 Qd7 55. Qc3 Ne6 56. Nc4 Qd4 57. Qb4 Nc5 58. Qb6 Qxc4 59. Qf6+ Kh7 60. Qf5+ 1/2-1/2

[Event "Bucharest Cup IM"]
[Site "Bucharest"]
[Date "1998.??.??"]
[Round "?"]
[White "Jianu, Vlad Cristian"]
[Black "Dinu, George Daniel"]
[Result "1/2-1/2"]
[WhiteElo "2225"]
[BlackElo "2225"]
[PlyCount "48"]
[EventDate "1998.12.??"]
[EventType "tourn"]
[EventRounds "14"]
[EventCountry "ROU"]
[EventCategory "3"]
[SourceTitle "EXT 2000"]
[Source "ChessBase"]
[SourceDate "1999.11.16"]
[SourceVersion "1"]
[SourceVersionDate "1999.11.16"]
[SourceQuality "1"]

1. d4 c5 2. Nf3 cxd4 3. Nxd4 Nf6 4. c4 e5 5. Nb5 d5 6. cxd5 Bc5 7. e3 0-0 8. N1c3 Bf5 9. a3 a5 10. Na4 Nbd7 11. Nbc3 e4 12. Be2 Bd6 13. Bd2 Ne5 14. Qb3 Nfg4 15. Nb5 Nd3+ 16. Bxd3 exd3 17. Nxd6 Qxd6 18. f3 Nxe3 19. Bxe3 Rfe8 20. Kd2 Rxe3 21. Kxe3 Re8+ 22. Kf2 Re2+ 23. Kf1 Qf4 24. Qb6 g6 1/2-1/2

[Event "Bucharest Cup IM"]
[Site "Bucharest"]
[Date "1998.??.??"]
[Round "?"]
[White "Leskur, Dejan"]
[Black "Dinu, George Daniel"]
[Result "1/2-1/2"]
[WhiteElo "2380"]
[BlackElo "2225"]
[PlyCount "125"]
[EventDate "1998.12.??"]
[EventType "tourn"]
[EventRounds "14"]
[EventCountry "ROU"]
[EventCategory "3"]
[SourceTitle "EXT 2000"]
[Source "ChessBase"]
[SourceDate "1999.11.16"]
[SourceVersion "1"]
[SourceVersionDate "1999.11.16"]
[SourceQuality "1"]

1. e4 c5 2. Nf3 Nc6 3. Nc3 e5 4. Bc4 Be7 5. d3 d6 6. Nd2 Nf6 7. Nf1 0-0 8. Ne3 a6 9. a4 Be6 10. 0-0 Nb4 11. Qf3 Qd7 12. Re1 Rfd8 13. a5 d5 14. exd5 Nfxd5 15. Ncxd5 Nxd5 16. Nxd5 Bxd5 17. Bxd5 Qxd5 18. Qxd5 Rxd5 19. Ra4 f6 20. Be3 Kf7 21. Rc4 Rc8 22. g4 Rc6 23. Kg2 g6 24. h3 Rd7 25. f3 Bd6 26. Ra1 Ke6 27. Bf2 Rdc7 28. Bg3 Re7 29. Re1 Kf7 30. Re2 Bc7 31. Be1 Rd7 32. Bc3 g5 33. Kf2 Kg6 34. Re1 h6 35. Rb1 Bd6 36. Ke3 h5 37. Kf2 hxg4 38. fxg4 Rh7 39. Kg2 Rhc7 40. Rf1 Rh7 41. Bd2 Be7 42. b3 Rh8 43. Rh1 Kf7 44. Re4 Ke6 45. Be1 Bd8 46. Re3 Rd6 47. Kf3 Bc7 48. Re4 Rd4 49. Bc3 Rxe4 50. dxe4 Bd6 51. Ke2 Be7 52. Kd3 Kd7 53. Kc4 Kc6 54. Rh2 Rh7 55. Be1 Bd8 56. h4 gxh4 57. Rxh4 Rd7 58. Bc3 Rg7 59. Rh8 Be7 60. Rc8+ Kd7 61. Rb8 Kc7 62. Re8 Kd7 63. Rb8 1/2-1/2

[Event "Bucharest Cup IM"]
[Site "Bucharest"]
[Date "1998.??.??"]
[Round "?"]
[White "Zlatic, Mihailo"]
[Black "Dinu, George Daniel"]
[Result "1-0"]
[WhiteElo "2340"]
[BlackElo "2225"]
[PlyCount "91"]
[EventDate "1998.12.??"]
[EventType "tourn"]
[EventRounds "14"]
[EventCountry "ROU"]
[EventCategory "3"]
[SourceTitle "EXT 2000"]
[Source "ChessBase"]
[SourceDate "1999.11.16"]
[SourceVersion "1"]
[SourceVersionDate "1999.11.16"]
[SourceQuality "1"]

1. e4 c5 2. Nf3 Nc6 3. d4 cxd4 4. Nxd4 d5 5. Bb5 dxe4 6. Nxc6 Qxd1+ 7. Kxd1 a6 8. Nd4+ axb5 9. Nxb5 Bg4+ 10. Ke1 0-0-0 11. N1c3 e5 12. h3 Bh5 13. g4 Bg6 14. Be3 Bb4 15. a4 Ne7 16. a5 Nc6 17. a6 bxa6 18. Rxa6 Nd4 19. Nxd4 exd4 20. Bxd4 Rhe8 21. Ra8+ Kb7 22. Rxd8 Rxd8 23. Bxg7 e3 24. fxe3 Bxc3+ 25. Bxc3 Bxc2 26. Rf1 Bg6 27. Rf6 h5 28. gxh5 Bxh5 29. Bd4 Rg8 30. Kf2 Rg5 31. b4 Kc7 32. h4 Rg4 33. Rf4 Rxf4+ 34. exf4 f5 35. b5 Be8 36. b6+ Kc6 37. Ke3 Bh5 38. Kd3 Bf3 39. Be3 Kd6 40. Kc4 Be2+ 41. Kb4 Kc6 42. Bd4 Bf3 43. Ka5 Be2 44. h5 Bxh5 45. Ka6 Be2+ 46. Ka7 1-0

[Event "Bucharest TICC"]
[Site "Bucharest"]
[Date "1996.??.??"]
[Round "?"]
[White "Badea, Bela"]
[Black "Dinu, George Daniel"]
[Result "1/2-1/2"]
[WhiteElo "2520"]
[BlackElo "2295"]
[PlyCount "88"]
[EventDate "1996.??.??"]
[EventType "tourn"]
[EventRounds "14"]
[EventCountry "ROU"]
[EventCategory "3"]
[SourceTitle "EXT 2001"]
[Source "ChessBase"]
[SourceDate "2000.11.22"]
[SourceVersion "1"]
[SourceVersionDate "2000.11.22"]
[SourceQuality "1"]

1. Nf3 d6 2. d4 Bg4 3. e4 Nf6 4. Qe2 c6 5. h3 Bxf3 6. Qxf3 Nbd7 7. Be3 g6 8. Bd3 Bg7 9. c4 0-0 10. Nc3 a6 11. 0-0 b5 12. Rfd1 Rb8 13. Qe2 Qa5 14. a3 Rfc8 15. b4 Qd8 16. Ra2 e6 17. e5 Ne8 18. exd6 Nxd6 19. Bf4 bxc4 20. Bxc4 Nxc4 21. Bxb8 Nxa3 22. Rxa3 Nxb8 23. Qc4 Qh4 24. Ne2 Rd8 25. Rad3 Bf6 26. Rf3 Kg7 27. Rf4 Qh5 28. Nc3 a5 29. Rb1 axb4 30. Rxb4 Qg5 31. g3 Be7 32. Rb7 Re8 33. h4 Qa5 34. Ne4 Kg8 35. Kg2 Qd5 36. Qxd5 cxd5 37. Rxf7 Nc6 38. Nd6 Bxd6 39. Rg7+ Kh8 40. Rxh7+ Kg8 41. Rhe7 Kf8 42. Red7 Be7 43. h5 gxh5 44. f4 Bf6 1/2-1/2

[Event "Bucharest Dreptatea"]
[Site "Bucharest"]
[Date "1996.??.??"]
[Round "1"]
[White "Berechet, Otiliu"]
[Black "Dinu, George Daniel"]
[Result "0-1"]
[WhiteElo "2375"]
[BlackElo "2295"]
[PlyCount "70"]
[EventDate "1996.??.??"]
[EventType "tourn"]
[EventRounds "13"]
[EventCountry "ROU"]
[EventCategory "3"]
[SourceTitle "EXT 2004"]
[Source "ChessBase"]
[SourceDate "2003.11.25"]
[SourceVersion "1"]
[SourceVersionDate "2003.11.25"]
[SourceQuality "1"]

1. c4 e5 2. e3 Nf6 3. a3 g6 4. b4 Bg7 5. Bb2 Qe7 6. d3 d5 7. Nd2 0-0 8. cxd5 Nxd5 9. Rc1 a5 10. bxa5 Nc6 11. e4 Nf4 12. g3 Ne6 13. Ngf3 Rd8 14. Nc4 Nc5 15. Qc2 Bg4 16. Nfd2 Ne6 17. Nb3 Bf3 18. Rg1 Bh6 19. Rb1 f5 20. Bg2 Bxg2 21. Rxg2 fxe4 22. dxe4 Qg5 23. h4 Qg4 24. Nxe5 Nxe5 25. Bxe5 Qf3 26. Kf1 Rd3 27. Kg1 Qxe4 28. f4 Rad8 29. Qa2 Rd1+ 30. Rxd1 Rxd1+ 31. Kh2 Qe1 32. Kh3 Qh1+ 33. Kg4 Bf8 34. Nd2 Kf7 35. Rh2 Qxh2 0-1

[Event "Bucharest TICC"]
[Site "Bucharest"]
[Date "1996.??.??"]
[Round "?"]
[White "Dinu, George Daniel"]
[Black "Mateuta, Gabriel"]
[Result "1/2-1/2"]
[WhiteElo "2295"]
[BlackElo "2240"]
[PlyCount "107"]
[EventDate "1996.??.??"]
[EventType "tourn"]
[EventRounds "14"]
[EventCountry "ROU"]
[EventCategory "3"]
[SourceTitle "EXT 2001"]
[Source "ChessBase"]
[SourceDate "2000.11.22"]
[SourceVersion "1"]
[SourceVersionDate "2000.11.22"]
[SourceQuality "1"]

1. d4 f5 2. g3 Nf6 3. Bg2 g6 4. Nf3 Bg7 5. 0-0 0-0 6. c4 d6 7. Nc3 Nc6 8. Rb1 e5 9. dxe5 dxe5 10. Qxd8 Rxd8 11. Bg5 e4 12. Nd2 Be6 13. Rfd1 Rd7 14. f3 exf3 15. Bxf3 h6 16. Bxf6 Bxf6 17. Nd5 Bg7 18. Nb3 Rf7 19. Nf4 Bxc4 20. Nxg6 Re8 21. Nf4 Rfe7 22. Bxc6 bxc6 23. Nd4 Rf7 24. b3 Bd5 25. Rbc1 Be5 26. Kf2 Bxf4 27. gxf4 Rfe7 28. Rg1+ Kh7 29. Rg3 Be4 30. e3 Rd7 31. Rc5 Rf8 32. b4 Rff7 33. Ra5 Rd5 34. Rxa7 c5 35. bxc5 Rxc5 36. Rg1 Rf6 37. Rd1 Rb6 38. Rd2 Kg6 39. Nb3 Rc3 40. Ra5 Kh5 41. Nc5 Bc6 42. Na4 Bxa4 43. Rxa4 Kg4 44. Ra8 Kh3 45. Rg8 Rc1 46. Rg3+ Kh4 47. Rg1 Rc3 48. Rg7 Re6 49. Re2 Ra6 50. Rf7 Ra5 51. Rf6 h5 52. Rf7 Kh3 53. Kf3 h4 54. Re7 1/2-1/2

[Event "Bucharest PBP"]
[Site "Bucharest"]
[Date "1995.??.??"]
[Round "15"]
[White "Dinu, George Daniel"]
[Black "Pessi, Emil George"]
[Result "0-1"]
[WhiteElo "2295"]
[BlackElo "2250"]
[PlyCount "78"]
[EventDate "1995.??.??"]
[EventType "tourn"]
[EventRounds "14"]
[EventCountry "ROU"]
[SourceTitle "EXT 2002"]
[Source "ChessBase"]
[SourceDate "2001.11.25"]
[SourceVersion "1"]
[SourceVersionDate "2001.11.25"]
[SourceQuality "1"]

1. e4 e5 2. Nf3 Nc6 3. Bb5 Nf6 4. Nc3 d6 5. d4 Bd7 6. Bg5 exd4 7. Nxd4 Be7 8. Qd2 0-0 9. Bxc6 bxc6 10. 0-0 Rb8 11. b3 Re8 12. Rad1 h6 13. Be3 Bf8 14. f3 d5 15. Nde2 dxe4 16. Bxa7 exf3 17. Rxf3 Ra8 18. Bd4 Nd5 19. Rg3 g6 20. Nf4 Bf5 21. Nh5 Re6 22. Nxd5 cxd5 23. Rf1 c5 24. Rxf5 cxd4 25. Qxd4 Raa6 26. Rxd5 Rad6 27. c4 Re1+ 28. Kf2 Qe7 29. Nf4 Re4 30. Rxd6 Rxd4 31. Rxd4 Qa7 32. Ne2 Bc5 33. Rgd3 Qxa2 34. Kf3 Bxd4 35. Nxd4 Qb1 36. Ke3 Qg1+ 37. Kf3 Qf1+ 38. Ke3 Qxg2 39. b4 f5 0-1

[Event "Bucharest PBP"]
[Site "Bucharest"]
[Date "1995.??.??"]
[Round "9"]
[White "Grigore, George Gabriel"]
[Black "Dinu, George Daniel"]
[Result "0-1"]
[WhiteElo "2445"]
[BlackElo "2295"]
[PlyCount "72"]
[EventDate "1995.??.??"]
[EventType "tourn"]
[EventRounds "14"]
[EventCountry "ROU"]
[SourceTitle "EXT 2002"]
[Source "ChessBase"]
[SourceDate "2001.11.25"]
[SourceVersion "1"]
[SourceVersionDate "2001.11.25"]
[SourceQuality "1"]

1. d4 Nf6 2. c4 c5 3. d5 Ne4 4. Nf3 d6 5. Nfd2 Nxd2 6. Bxd2 e5 7. Nc3 Be7 8. g3 0-0 9. Bg2 f5 10. 0-0 Nd7 11. Qc2 Nf6 12. Rae1 Nh5 13. e3 Bd7 14. f4 e4 15. g4 fxg4 16. Bxe4 g6 17. Re2 Bf6 18. Bd3 Qe7 19. Rg2 Bg7 20. Ne2 Rae8 21. e4 g3 22. f5 gxh2+ 23. Kh1 Kh8 24. Rxh2 Be5 25. Bc3 Ng7 26. Nf4 Kg8 27. Bxe5 Qxe5 28. Rh6 gxf5 29. Qh2 fxe4 30. Rxh7 Bf5 31. Rh8+ Kf7 32. Rxf8+ Rxf8 33. Be2 e3 34. Qh6 Be4+ 35. Kh2 Kg8 36. Kg1 Rf5 0-1

[Event "Bucharest PBP"]
[Site "Bucharest"]
[Date "1995.??.??"]
[Round "14"]
[White "Klinova, Masha"]
[Black "Dinu, George Daniel"]
[Result "1-0"]
[WhiteElo "2205"]
[BlackElo "2295"]
[PlyCount "75"]
[EventDate "1995.??.??"]
[EventType "tourn"]
[EventRounds "14"]
[EventCountry "ROU"]
[SourceTitle "EXT 2002"]
[Source "ChessBase"]
[SourceDate "2001.11.25"]
[SourceVersion "1"]
[SourceVersionDate "2001.11.25"]
[SourceQuality "1"]

1. e4 c5 2. Nf3 d6 3. Bb5+ Nc6 4. Bxc6+ bxc6 5. 0-0 e5 6. c3 Be7 7. d4 cxd4 8. cxd4 exd4 9. Nxd4 Bd7 10. Nc3 Nf6 11. Qf3 0-0 12. h3 Qa5 13. Bf4 Rfd8 14. Rad1 Qh5 15. g4 Nxg4 16. hxg4 Bxg4 17. Qg3 Bxd1 18. Rxd1 Bf6 19. Rd2 Rab8 20. Nxc6 Bxc3 21. Qxc3 Qg6+ 22. Bg3 Qxe4 23. Nxb8 Rxb8 24. Rxd6 Qb1+ 25. Kh2 Qxa2 26. Qc7 Re8 27. Rd8 Qe6 28. Rxe8+ Qxe8 29. Qxa7 f6 30. Qb8 Kf7 31. Qxe8+ Kxe8 32. Kg2 Kd7 33. Kf3 Ke6 34. Ke3 g5 35. Bc7 h5 36. b4 f5 37. Bd8 g4 38. Kf4 1-0